<?xml version="1.0" encoding="UTF-8"?>
<collection xmlns="http://www.loc.gov/MARC21/slim">
 <record>
  <leader>01588nam a22002655a 4500</leader>
  <controlfield tag="001">CEM.cems014636</controlfield>
  <controlfield tag="005">20150903175214.0</controlfield>
  <controlfield tag="008">130507s2015##################000#0#####d</controlfield>
  <controlfield tag="003">CEMS</controlfield>
  <datafield tag="020" ind1=" " ind2=" ">
   <subfield code="a">9789504623557</subfield>
  </datafield>
  <datafield tag="082" ind1="0" ind2="4">
   <subfield code="a">Z330.9</subfield>
  </datafield>
  <datafield tag="100" ind1="1" ind2=" ">
   <subfield code="a">Ataide, Soraya</subfield>
  </datafield>
  <datafield tag="245" ind1="1" ind2="0">
   <subfield code="a">Geografía :</subfield>
   <subfield code="b">el mundo y la globalización /</subfield>
   <subfield code="c">Soraya Ataide ... y Otros</subfield>
  </datafield>
  <datafield tag="260" ind1=" " ind2=" ">
   <subfield code="a">Buenos Aires :</subfield>
   <subfield code="b">Santillana,</subfield>
   <subfield code="c">2015</subfield>
  </datafield>
  <datafield tag="300" ind1=" " ind2=" ">
   <subfield code="a">256 p.</subfield>
  </datafield>
  <datafield tag="490" ind1="0" ind2=" ">
   <subfield code="a">Saberes clave</subfield>
  </datafield>
  <datafield tag="505" ind1="0" ind2=" ">
   <subfield code="a">Espacios geográficos y territorio -- Estados nacionales, territorios estatales -- Globalización y capitalismo -- Continentes, países y economías -- Intercambios globalizados -- Problemas en la globalizzación. La antiglobalización -- Desarrollo y globalización -- Un  mundo de servicios en red -- Industria y desarrollo -- Producción agraria y alimentos -- Recursos, materias primas, energía -- Un recurso vital cada vez más preciado: el agua -- El petróleo y gas, grandes desafíos -- El reto medioambiental y el desarrollo sustentable -- Las tendencias demográficas -- Desafíos de la urbanización -- Las personas siguen migrando por el mundo -- Condiciones de vida de trabajo en zonas urbanas y rurales</subfield>
  </datafield>
  <datafield tag="653" ind1=" " ind2=" ">
   <subfield code="a">Geografía</subfield>
  </datafield>
  <datafield tag="653" ind1=" " ind2=" ">
   <subfield code="a">Texto escolar</subfield>
  </datafield>
  <datafield tag="653" ind1=" " ind2=" ">
   <subfield code="a">Geografía mundial</subfield>
  </datafield>
  <datafield tag="653" ind1=" " ind2=" ">
   <subfield code="a">Globalización</subfield>
  </datafield>
  <datafield tag="859" ind1=" " ind2=" ">
   <subfield code="a">CEMS</subfield>
   <subfield code="b">BIB. CEMS - 11 de abril</subfield>
   <subfield code="h">Z330.9</subfield>
   <subfield code="i">At12</subfield>
   <subfield code="p">27220.15</subfield>
   <subfield code="t">Ej.1</subfield>
  </datafield>
  <datafield tag="859" ind1=" " ind2=" ">
   <subfield code="a">CEMS</subfield>
   <subfield code="b">BIB. CEMS - 11 de abril</subfield>
   <subfield code="h">Z330.9</subfield>
   <subfield code="i">At12</subfield>
   <subfield code="p">27221.15</subfield>
   <subfield code="t">Ej.2</subfield>
  </datafield>
  <datafield tag="859" ind1=" " ind2=" ">
   <subfield code="a">CEMS</subfield>
   <subfield code="b">BIB. CEMS - 11 de abril</subfield>
   <subfield code="h">Z330.9</subfield>
   <subfield code="i">At12</subfield>
   <subfield code="p">27222.15</subfield>
   <subfield code="t">Ej.3</subfield>
  </datafield>
  <datafield tag="859" ind1=" " ind2=" ">
   <subfield code="a">CEMS</subfield>
   <subfield code="b">BIB. CEMS - 11 de abril</subfield>
   <subfield code="h">Z330.9</subfield>
   <subfield code="i">At12</subfield>
   <subfield code="p">28314.19</subfield>
   <subfield code="t">Ej.4</subfield>
  </datafield>
 </record>
</collection>
